Personnages principaux (jouables) des jeux Resident Evil - Statistiques

Statistiques générales
  • Ce quiz a été pris 239 fois
    145 depuis la dernière actualisation
  • Le résultat moyen est 31 sur 57
Statistiques - réponses
Jeu Personnage principal jouable % Correct
Resident Evil 2 Leon Scott Kennedy
97%
Resident Evil Gaiden Leon Scott Kennedy
97%
Resident Evil 4 Leon Scott Kennedy
97%
Resident Evil: The Darkside Chronicles Leon Scott Kennedy
97%
Resident Evil 6 Leon Scott Kennedy
97%
Resident Evil Chris Redfield
94%
Resident Evil: Deadly Silence Chris Redfield
94%
Resident Evil: The Umbrella Chronicles Chris Redfield
94%
Resident Evil 5 Chris Redfield
94%
Resident Evil: Revelations Chris Redfield
94%
Resident Evil 6 Chris Redfield
94%
Resident Evil Village Chris Redfield
94%
Resident Evil: Re:Verse Chris Redfield
94%
Resident Evil 2 Claire Redfield
94%
Resident Evil: Code Veronica Claire Redfield
94%
Resident Evil: Survival 2- Code Veronica Claire Redfield
94%
Resident Evil: The Darkside Chronicles Claire Redfield
94%
Resident Evil: Revelations 2 Claire Redfield
94%
Resident Evil Jill Valentine
94%
Resident Evil 3: Nemesis Jill Valentine
94%
Resident Evil: Deadly Silence Jill Valentine
94%
Resident Evil: The Umbrella Chronicles Jill Valentine
94%
Resident Evil: Revelations Jill Valentine
94%
Resident Evil: Resistance/Resident Evil 3 Jill Valentine
94%
Resident Evil 7: Biohazard Ethan Winters
91%
Resident Evil Village Ethan Winters
91%
Resident Evil 6 Ada Wong
76%
Resident Evil 7: Biohazard Mia Winters
59%
Resident Evil Zero Rebecca Chambers
57%
Resident Evil: The Umbrella Chronicles Rebecca Chambers
57%
Resident Evil 6 Sherry Birkin
52%
Resident Evil 5 Sheva Alomar
33%
Resident Evil: Revelations 2 Barry Burton
31%
Resident Evil Zero Billy Coen
28%
Resident Evil 6 Jake Muller
28%
Resident Evil 6 Helena Harper
27%
Resident Evil: The Umbrella Chronicles Carlos Oliveira
24%
Resident Evil 6 Piers Nivans
20%
Resident Evil Outbreak Alyssa Ashcroft
19%
Resident Evil: Outbreak File 2 Alyssa Ashcroft
19%
Resident Evil: The Umbrella Chronicles Billy Cohen
7%
Resident Evil Survivor Ark Thompson
6%
Resident Evil: Revelations 2 Natalia Korda
5%
Resident Evil Outbreak Cindy Lennox
3%
Resident Evil: Outbreak File 2 Cindy Lennox
3%
Resident Evil Outbreak David King
3%
Resident Evil: Outbreak File 2 David King
3%
Resident Evil Outbreak George Hamilton
3%
Resident Evil: Outbreak File 2 George Hamilton
3%
Resident Evil Outbreak Jim Chapman
3%
Resident Evil: Outbreak File 2 Jim Chapman
3%
Resident Evil Outbreak Kevin Ryman
3%
Resident Evil: Outbreak File 2 Kevin Ryman
3%
Resident Evil Outbreak Mark Wilkins
3%
Resident Evil: Outbreak File 2 Mark Wilkins
3%
Resident Evil Outbreak Yoko Suzuki
3%
Resident Evil: Outbreak File 2 Yoko Suzuki
3%
Aucun quiz correspondant
Distribution des résultats
% des personnes avec chaque résultat
Percentile par nombre de réponses
Votre historique - résultats
Vous n’avez pas pris ce quiz depuis la dernière actualisation